000 00535nam a22001817a 4500
005 20251108172514.0
008 250721s9999 xx 000 0 ara d
082 1 4 _a346.043/سعد
100 1 _aسعد، نبيل إبراهيم
245 1 0 _aالشفعة علماً و عملاً /
264 1 _aالإسكندرية :
_bمنشأة المعارف،
300 _a170ص
490 0 _aالكتب القانونية
650 1 7 _aالقانون المدني
650 1 7 _aحق الشفعة
942 _2ddc
_cBK
999 _c81080
_d81080